000 00704nam a2200157 i 4500
001 46853
003 ES-MaACL
005 20230906161446.0
007 t|
008 030401q1958 be ||||1| gre d
245 0 0 _aConseil d'association entre le Gouvernement du Royaume-Uni de Grande Bretagne et D'Irlande du Nord et la Haute Autorité de la Communaute Europeenne du Charbon et de l'Acier
_b: troisieme rapport annuel 1er Janvier-31 Decembre 1958.
260 _aBruxelles :
_bService des Publications des Communautes Europeennes,
_c[1958?]
300 _a29 p. ;
_c23 cm.
710 2 _aHaute Autorité de la Communaute Europeenne du Charbon et de l'Acier.
_94559
852 _aES-MaACL
_j2014-F-17
_bR.44416
999 _c46853
_d46853